Breve historia universal (hasta el año 2000)
שמור ב:
| מחבר ראשי: | |
|---|---|
| פורמט: | ספר |
| שפה: | ספרדית |
| יצא לאור: |
Santiago, Chile:
Universitaria,
2015
|
| מהדורה: | Vigesimoséptima edición. |
| סדרה: | El Saber y la Cultura
|
| נושאים: | |
| גישה מקוונת: | Disponible Online |
| תגים: |
הוספת תג
אין תגיות, היה/י הראשונ/ה לתייג את הרשומה!
|
MARC
| LEADER | 00000cam a2200000 a 4500 | ||
|---|---|---|---|
| 001 | UCD1973 | ||
| 003 | CL-VaPUC | ||
| 005 | 20250416121937.0 | ||
| 008 | 160407e20150000cl |||||||||||||||||spa|d | ||
| 999 | |c 363180 |d 363178 | ||
| 020 | |a 9789561124899 | ||
| 040 | |c Pontificia Universidad Católica de Valparaíso | ||
| 082 | 0 | 4 | |a 909 KRE 2015 |2 21 |
| 100 | 1 | |a Krebs Wilckens, Ricardo |e autor |9 588021 | |
| 245 | 1 | 0 | |a Breve historia universal (hasta el año 2000) |
| 250 | |a Vigesimoséptima edición. | ||
| 260 | |a Santiago, Chile: |b Universitaria, |c 2015 | ||
| 300 | |a 496 páginas | ||
| 490 | 0 | |a El Saber y la Cultura | |
| 583 | |a last modification |c 20160407 22:06:00 |k Rodrigo Vera | ||
| 650 | 0 | |a Historia universal |9 266877 | |
| 852 | |a BIBCUR | ||
| 856 | |u https://bibliografiadigital.pucv.cl/index.php/bibliotecapucv/catalog/book/165 |y Disponible Online | ||
| 942 | |c BK |2 ddc | ||
| 945 | |d 20160407 22:06:00 |a arojas | ||
| 952 | |0 0 |1 0 |3 erb |4 0 |6 909_000000000000000_KRE_2015 |7 0 |8 A |9 475037 |a BIBDER |b BIBDER |i 5269881 |o 909 KRE 2015 |p 5269881 |r 2023-01-25 |w 2019-11-24 |y BK |z Catalogado en:20160407 |k DER | ||
| 952 | |0 0 |1 0 |3 erb |4 0 |6 909_000000000000000_KRE_2015 |7 0 |8 A |9 475038 |a BIBDER |b BIBDER |i 526989K |o 909 KRE 2015 |p 526989K |r 2023-01-25 |w 2019-11-24 |y BK |z Catalogado en:20160407 |k DER | ||
| 952 | |0 0 |1 0 |3 erb |4 0 |6 909_000000000000000_KRE_2015 |7 0 |8 A |9 475039 |a BIBDER |b BIBDER |i 5269903 |l 1 |o 909 KRE 2015 |p 5269903 |r 2023-01-25 |s 2021-07-01 |w 2019-11-24 |y BK |z Catalogado en:20160407 |k DER | ||
| 952 | |0 0 |1 0 |3 erb |4 0 |6 909_000000000000000_KRE_2015 |7 0 |8 A |9 475040 |a BIBDER |b BIBDER |i 5269911 |o 909 KRE 2015 |p 5269911 |r 2023-01-25 |w 2019-11-24 |y BK |z Catalogado en:20160407 |k DER | ||
| 952 | |0 0 |1 0 |3 erb |4 0 |6 909_000000000000000_KRE_2015 |7 0 |8 A |9 475041 |a BIBDER |b BIBDER |i 526992K |l 1 |o 909 KRE 2015 |p 526992K |r 2023-01-25 |s 2021-07-01 |w 2019-11-24 |y BK |z Catalogado en:20160407 |k DER | ||
| 952 | |0 0 |1 0 |3 erb |4 0 |6 909_000000000000000_KRE_2015 |7 0 |8 A |9 475042 |a BIBDER |b BIBDER |i 5269938 |o 909 KRE 2015 |p 5269938 |r 2023-01-25 |w 2019-11-24 |y BK |z Catalogado en:20160407 |k DER | ||
| 952 | |0 0 |1 0 |3 erb |4 0 |6 909_000000000000000_KRE_2015 |7 0 |8 A |9 475043 |a BIBDER |b BIBDER |i 5269946 |o 909 KRE 2015 |p 5269946 |r 2023-01-25 |w 2019-11-24 |y BK |z Catalogado en:20160407 |k DER | ||
| 952 | |0 0 |1 0 |3 erb |4 0 |6 909_000000000000000_KRE_2015 |7 0 |8 A |9 475044 |a BIBDER |b BIBDER |i 5269954 |l 1 |o 909 KRE 2015 |p 5269954 |r 2023-01-25 |s 2021-07-01 |w 2019-11-24 |y BK |z Catalogado en:20160407 |k DER | ||
| 952 | |0 0 |1 0 |3 erb |4 0 |6 909_000000000000000_KRE_2015 |7 0 |8 A |9 475045 |a BIBDER |b BIBDER |i 5269962 |o 909 KRE 2015 |p 5269962 |r 2023-01-25 |w 2019-11-24 |y BK |z Catalogado en:20160407 |k DER | ||
| 952 | |0 0 |1 0 |3 erb |4 0 |6 909_000000000000000_KRE_2015 |7 0 |8 A |9 475046 |a BIBDER |b BIBDER |i 5269970 |o 909 KRE 2015 |p 5269970 |r 2023-01-25 |w 2019-11-24 |y BK |z Catalogado en:20160407 |k DER | ||
| 952 | |0 0 |1 0 |3 erb |4 0 |6 909_000000000000000_KRE_2015 |7 0 |8 A |9 475047 |a BIBDER |b BIBDER |i 5601789 |o 909 KRE 2015 |p 5601789 |r 2023-01-25 |w 2019-11-24 |y BK |z Catalogado en:20190914 |k DER | ||